[Event "TUR Cup"]
[Site "Denizli"]
[Date "2023.07.22"]
[Round "9"]
[White "Orak, Yunus"]
[Black "Tarman, Ufuk"]
[Result "1/2-1/2"]
[WhiteElo "1630"]
[BlackElo "1475"]
[PlyCount "61"]
[EventDate "2023.07.16"]
[EventType "team-tourn"]
[EventRounds "9"]
[EventCountry "TUR"]
[SourceTitle "CBM 215 Extra"]
[Source "ChessBase"]
[SourceDate "2023.09.30"]
[SourceVersion "1"]
[SourceVersionDate "2023.09.30"]
[SourceQuality "1"]

1. e4 c5 2. Nf3 e6 3. d4 cxd4 4. Nxd4 Nf6 5. Nc3 Nc6 6. Nxc6 bxc6 7. e5 Nd5 8. Nxd5 cxd5 9. Bd3 d6 10. exd6 Bxd6 11. Qh5 Qf6 12. Bb5+ Bd7 13. Bxd7+ Kxd7 14. 0-0 Rab8 15. Rd1 Rb4 16. g3 g6 17. Qe2 Rhb8 18. c3 Re4 19. Be3 Bc5 20. Rd3 Qe5 21. b3 Bxe3 22. Rxe3 Rxe3 23. Qxe3 Qxe3 24. fxe3 Kd6 25. Kf2 Ke5 26. b4 Ke4 27. Ke2 e5 28. Rb1 Rc8 29. Rc1 Rc4 30. Kd2 f5 31. Rf1 1/2-1/2

[Event "TUR Cup"]
[Site "Denizli"]
[Date "2023.07.20"]
[Round "7"]
[White "Kutdemir, Mehmet"]
[Black "Tarman, Ufuk"]
[Result "1/2-1/2"]
[WhiteElo "1415"]
[BlackElo "1475"]
[PlyCount "85"]
[EventDate "2023.07.16"]
[EventType "team-tourn"]
[EventRounds "9"]
[EventCountry "TUR"]
[SourceTitle "CBM 215 Extra"]
[Source "ChessBase"]
[SourceDate "2023.09.30"]
[SourceVersion "1"]
[SourceVersionDate "2023.09.30"]
[SourceQuality "1"]

1. e4 c5 2. Nc3 Nc6 3. g3 g6 4. Bg2 Bg7 5. d3 d6 6. Be3 e6 7. Qd2 Nge7 8. Bh6 Bxh6 9. Qxh6 Nd4 10. Qd2 Rb8 11. Nd1 b5 12. c3 Ndc6 13. Ne2 0-0 14. h4 h5 15. g4 hxg4 16. h5 Kg7 17. hxg6 Nxg6 18. Qh6+ Kf6 19. e5+ Ncxe5 20. d4 Nf3+ 21. Bxf3 gxf3 22. Nf4 Rh8 23. Nh5+ Ke7 24. Qg5+ Kd7 25. Nf6+ Kc6 26. Rxh8 Qxh8 27. Ne3 Qh1+ 28. Nf1 Qh4 29. Qxh4 Nxh4 30. 0-0-0 d5 31. dxc5 Kxc5 32. Nd2 Rb7 33. Rh1 Ng6 34. Nxf3 b4 35. Ng5 bxc3 36. bxc3 Ne5 37. Kc2 Bd7 38. Nxd7+ Rxd7 39. Rh7 Kc6 40. f4 f6 41. fxe5 fxg5 42. Rh6 Re7 43. Rg6 1/2-1/2

[Event "TUR Cup"]
[Site "Denizli"]
[Date "2023.07.18"]
[Round "4"]
[White "Tarman, Ufuk"]
[Black "Demircin, Kasim"]
[Result "1/2-1/2"]
[WhiteElo "1475"]
[BlackElo "1869"]
[PlyCount "86"]
[EventDate "2023.07.16"]
[EventType "team-tourn"]
[EventRounds "9"]
[EventCountry "TUR"]
[SourceTitle "CBM 215 Extra"]
[Source "ChessBase"]
[SourceDate "2023.09.30"]
[SourceVersion "1"]
[SourceVersionDate "2023.09.30"]
[SourceQuality "1"]

1. e4 e5 2. Nf3 Nc6 3. Nc3 Bc5 4. Nxe5 Nxe5 5. d4 Bd6 6. dxe5 Bxe5 7. f4 Bxc3+ 8. bxc3 Nf6 9. e5 Ne4 10. Qf3 d5 11. exd6 Nxd6 12. Bd3 0-0 13. 0-0 Qf6 14. g4 Qh4 15. f5 Bd7 16. Bf4 Bc6 17. Qg3 Qxg3+ 18. Bxg3 Rfe8 19. h4 Ne4 20. Bxc7 Nxc3 21. Ba5 Ne4 22. g5 b6 23. Be1 Rad8 24. a4 Nc5 25. Bb5 Rc8 26. Bxc6 Rxc6 27. a5 h6 28. axb6 axb6 29. Rf2 Rc7 30. Rg2 Ne4 31. gxh6 Kh7 32. hxg7 Rg8 33. Ra4 Nf6 34. Rb4 Rc6 35. Bf2 Rxc2 36. Rxb6 Nd5 37. Rd6 Nf4 38. f6 Nxg2 39. Kxg2 Kg6 40. Kf3 Kf5 41. Be3 Rc3 42. Kf2 Rc2+ 43. Kf3 Rc3 1/2-1/2

[Event "TUR Cup"]
[Site "Denizli"]
[Date "2023.07.17"]
[Round "3"]
[White "Isik, Esref"]
[Black "Tarman, Ufuk"]
[Result "1/2-1/2"]
[WhiteElo "1920"]
[BlackElo "1475"]
[PlyCount "61"]
[EventDate "2023.07.16"]
[EventType "team-tourn"]
[EventRounds "9"]
[EventCountry "TUR"]
[SourceTitle "CBM 215 Extra"]
[Source "ChessBase"]
[SourceDate "2023.09.30"]
[SourceVersion "1"]
[SourceVersionDate "2023.09.30"]
[SourceQuality "1"]

1. e4 c5 2. Nf3 Nc6 3. d4 cxd4 4. Nxd4 g6 5. Be3 Nf6 6. Nc3 Bg7 7. Nxc6 bxc6 8. e5 Nd5 9. Nxd5 cxd5 10. Qxd5 Rb8 11. Bc4 0-0 12. f4 Bb7 13. Qd2 Qc7 14. Bb3 d6 15. exd6 exd6 16. 0-0-0 a5 17. Bd4 Bxd4 18. Qxd4 Bxg2 19. Rhg1 Bf3 20. Rd3 Rb4 21. Qf6 Be4 22. Rc3 Qa7 23. Rd1 a4 24. Bc4 Rfb8 25. b3 axb3 26. Bxb3 Qa3+ 27. Kd2 Qa7 28. Kc1 Qa3+ 29. Kd2 Qa7 30. Kc1 Qa3+ 31. Kd2 1/2-1/2

[Event "TUR Cup"]
[Site "Denizli"]
[Date "2023.07.17"]
[Round "2"]
[White "Sahin, Veli Kutay"]
[Black "Tarman, Ufuk"]
[Result "1-0"]
[WhiteElo "1199"]
[BlackElo "1475"]
[PlyCount "90"]
[EventDate "2023.07.16"]
[EventType "team-tourn"]
[EventRounds "9"]
[EventCountry "TUR"]
[SourceTitle "CBM 215 Extra"]
[Source "ChessBase"]
[SourceDate "2023.09.30"]
[SourceVersion "1"]
[SourceVersionDate "2023.09.30"]
[SourceQuality "1"]

1. e4 c5 2. Nc3 Nc6 3. g3 g6 4. Bg2 Bg7 5. Nge2 d6 6. d3 Rb8 7. a4 a6 8. Be3 b5 9. axb5 axb5 10. d4 b4 11. Na4 c4 12. d5 Ne5 13. f4 Ng4 14. Bd4 N4f6 15. h3 e6 16. dxe6 Bxe6 17. e5 dxe5 18. Bxe5 Qxd1+ 19. Rxd1 Rd8 20. Rxd8+ Kxd8 21. 0-0 Ne7 22. Rd1+ Ke8 23. Nb6 Nh5 24. Bc7 f5 25. Nd4 Bxd4+ 26. Rxd4 Kf7 27. Kf2 b3 28. c3 Nf6 29. Be5 Re8 30. Nxc4 Bxc4 31. Rxc4 Nfd5 32. Ra4 Rd8 33. Ra7 Nb6 34. Bd4 Nc4 35. Rb7 Nxb2 36. Rxb3 Nc4 37. Rb7 Ke6 38. Bf1 Nd6 39. Ra7 Ne4+ 40. Kg2 Nc6 41. Bc4+ Kd6 42. Rxh7 Nxd4 43. cxd4 Rc8 44. Bd3 Nxg3 45. Kxg3 Rc3 1-0

[Event "TUR-ch U13/18"]
[Site "Antalya"]
[Date "2023.01.27"]
[Round "9"]
[White "Sinay, Ahmet"]
[Black "Tarman, Ufuk"]
[Result "0-1"]
[WhiteElo "1612"]
[BlackElo "1282"]
[PlyCount "138"]
[EventDate "2023.01.17"]
[EventType "swiss"]
[EventRounds "10"]
[EventCountry "TUR"]
[SourceTitle "EXT 2024"]
[Source "ChessBase"]
[SourceDate "2023.10.10"]
[SourceVersion "1"]
[SourceVersionDate "2023.10.10"]
[SourceQuality "1"]

1. d4 Nf6 2. Bf4 g6 3. e3 Bg7 4. h3 0-0 5. Nf3 d6 6. Be2 Nfd7 7. 0-0 e5 8. Bh2 f5 9. c3 Nc6 10. Nbd2 e4 11. Ne1 Qe8 12. b4 a5 13. Qb3+ Kh8 14. b5 Ne7 15. b6 a4 16. Qb2 Nxb6 17. Bxd6 cxd6 18. Qxb6 Qc6 19. Qb2 f4 20. exf4 Rxf4 21. f3 e3 22. Ne4 Rf8 23. Qb5 Qc7 24. d5 Ra5 25. Qd3 Rxd5 26. Qxe3 Nf5 27. Qc1 Bh6 28. f4 Qb6+ 29. Kh2 Qe3 30. Qxe3 Nxe3 31. Rf3 Nf5 32. Bc4 Ra5 33. Rd1 b5 34. Bf1 Bb7 35. Bd3 Bc6 36. Rf2 Ne3 37. Rdd2 Nd5 38. g3 b4 39. c4 Nc3 40. Nxc3 bxc3 41. Rc2 Bg7 42. Nf3 d5 43. Ng5 Re8 44. Rfe2 Rxe2+ 45. Rxe2 d4 46. Re6 Bd7 47. Re7 Ra7 48. Kg1 Rb7 49. g4 h6 50. Nf7+ Kg8 51. Nd6 Rc7 52. Nb5 Bf6 53. Re2 Rb7 54. f5 gxf5 55. gxf5 Bg5 56. Nxd4 Bd2 57. Nb5 Bc6 58. Rg2+ Bxg2 59. Kxg2 Rd7 60. Be4 Kf7 61. c5 Rd8 62. c6 Kf6 63. Kf3 Rc8 64. c7 Ke5 65. Ke2 Rxc7 66. Nxc7 Kxe4 67. f6 h5 68. f7 Bh6 69. Kd1 Kd3 0-1

[Event "TUR-ch U13/18"]
[Site "Antalya"]
[Date "2023.01.26"]
[Round "8"]
[White "Tarman, Ufuk"]
[Black "Kutdemir, Mehmet"]
[Result "1/2-1/2"]
[WhiteElo "1282"]
[BlackElo "1369"]
[PlyCount "70"]
[EventDate "2023.01.17"]
[EventType "swiss"]
[EventRounds "10"]
[EventCountry "TUR"]
[SourceTitle "EXT 2024"]
[Source "ChessBase"]
[SourceDate "2023.10.10"]
[SourceVersion "1"]
[SourceVersionDate "2023.10.10"]
[SourceQuality "1"]

1. e4 e5 2. Nf3 Nf6 3. d4 Nxe4 4. Nxe5 d6 5. Nf3 d5 6. Bd3 Be7 7. 0-0 0-0 8. Re1 Bf5 9. Nbd2 Nxd2 10. Bxf5 Nxf3+ 11. Qxf3 Bf6 12. c3 g6 13. Bd3 c6 14. Bf4 Nd7 15. Re2 Re8 16. Rae1 Rxe2 17. Rxe2 Nf8 18. Bg3 Kg7 19. Qe3 Ne6 20. Be5 Bxe5 21. Qxe5+ Qf6 22. g3 Qxe5 23. Rxe5 Kf6 24. Kg2 a5 25. f4 Rd8 26. f5 Ng7 27. g4 g5 28. Kg3 Re8 29. h4 h6 30. Rxe8 Nxe8 31. a4 Ke7 32. b4 f6 33. hxg5 hxg5 34. Kf3 Kd7 35. b5 Kc7 1/2-1/2

[Event "TUR-ch U13/18"]
[Site "Antalya"]
[Date "2023.01.22"]
[Round "1"]
[White "Hatirli, Ugur Can"]
[Black "Tarman, Ufuk"]
[Result "1-0"]
[WhiteElo "1989"]
[BlackElo "1282"]
[PlyCount "64"]
[EventDate "2023.01.17"]
[EventType "swiss"]
[EventRounds "10"]
[EventCountry "TUR"]
[SourceTitle "EXT 2024"]
[Source "ChessBase"]
[SourceDate "2023.10.10"]
[SourceVersion "1"]
[SourceVersionDate "2023.10.10"]
[SourceQuality "1"]

1. d4 Nf6 2. c4 g6 3. g3 Bg7 4. Bg2 d5 5. Nc3 c6 6. cxd5 cxd5 7. Qb3 Nc6 8. Nf3 0-0 9. 0-0 Ne4 10. Be3 Na5 11. Qb4 Nxc3 12. bxc3 b6 13. Bf4 Ba6 14. Rfe1 Rc8 15. Nd2 f5 16. f3 h6 17. e4 g5 18. Be3 dxe4 19. fxe4 f4 20. Bf2 e6 21. Nf3 Rc4 22. Qa3 Rc7 23. Rac1 Bb7 24. Qb4 Rff7 25. c4 Bf8 26. Qb5 Qc8 27. c5 Ba6 28. Qa4 Rg7 29. Kh1 Nc4 30. cxb6 axb6 31. Bh3 Qe8 32. d5 Qc8 1-0

[Event "Kesan op"]
[Site "Kesan"]
[Date "2022.08.02"]
[Round "1"]
[White "Cakiroglu, Metin"]
[Black "Tarman, Ufuk"]
[Result "1-0"]
[WhiteElo "2073"]
[BlackElo "1341"]
[PlyCount "53"]
[EventDate "2022.08.02"]
[EventType "swiss"]
[EventRounds "9"]
[EventCountry "TUR"]
[SourceTitle "CBM 209 Extra"]
[Source "ChessBase"]
[SourceDate "2022.09.30"]
[SourceVersion "1"]
[SourceVersionDate "2022.09.30"]
[SourceQuality "1"]

1. e4 c5 2. Nc3 Nc6 3. g3 g6 4. Bg2 Bg7 5. d3 e6 6. Be3 b6 7. Qd2 Bb7 8. Nge2 Nge7 9. Bh6 0-0 10. h4 f5 11. h5 Rf7 12. hxg6 hxg6 13. Nf4 Bf6 14. exf5 exf5 15. 0-0-0 Na5 16. Ncd5 Nxd5 17. Nxd5 Rc8 18. Nxf6+ Qxf6 19. Bxb7 Nxb7 20. Bg5 Qe6 21. Qc3 Rg7 22. Bf6 Qf7 23. Bxg7 Qxg7 24. Qc4+ Kf8 25. Rh4 Qg8 26. Qc3 Ke7 27. Qe5+ 1-0